| 000 | 00694nam a22002297a 4500 | ||
|---|---|---|---|
| 003 | OSt | ||
| 005 | 20140310182820.0 | ||
| 008 | 130304t xxu||||| |||| 00| 0 eng d | ||
| 020 | _a9780399535598 | ||
| 050 |
_aHQ 775 _b.H75 2010 |
||
| 100 | _aHomayoun, Ana | ||
| 245 |
_aThat crumpled paper was due last week : _bhelping disorganized and distracted boys succeed in shcool and life _cAna Homayoun |
||
| 260 |
_aNew York _bPenguin Group _c2010 |
||
| 300 |
_a287 p. _c 24 cm |
||
| 521 | _aEDU | ||
| 650 |
_aParenting _xUnited States |
||
| 650 |
_aSuccess _xPsychological aspects |
||
| 650 | _aTime management | ||
| 650 |
_aBoys _xUnited States |
||
| 942 |
_2lcc _cBK _kFOR |
||
| 999 |
_c16361 _d16361 |
||